000 005670000a22001810004500
999 _c54016
_d54016
001 768714001
003 CO-MdFUSB
005 20170810144248.0
008 170810s1999 xxu||||| |||| 00| 0 eng d
022 _a0098-9444
040 _aCO-MdFUSB
_bspa
_cCO-MdFUSB
_dCO-MdFUSB
041 _aeng
245 1 0 _aWeighing the evidence :
_bor lack thereof
300 _aVolumen 25. Número 2 (1999), Páginas 6
_c28 cm.
546 _aTexto en inglés
773 0 _tBiblical Archaeology Review
_049395
_959454
_gVolumen 25. Número 1 (1999), Páginas 6
_qPágina 6
942 _cANA